000 01193nam0a22002891 4500
001 v19\rc\2066372
005 20260407002056.0
035 _a(NLR Aleph) 005142222
090 _a4814631
_c4814631
100 _a20081111d1916 u y0rusy50 ca
101 0 _arus
102 _aRU
105 _aa b |||||
200 1 _aКаталог книг библиотеки общества "Маяк"
_fО-во "Маяк" для содействия нравств., умств. и физ. развитию молодых людей
210 _aПетроград
_d1916
215 _a[8], 152 с.
_cил.
_d24
532 1 3 _aКаталог книг библиотеки общества Маяк
710 0 2 _a"Маяк", общество для содействия нравственному, умственному и физическому развитию молодых людей
_cПетербург
_bБиблиотека
_3RU\NLR\AUTH\889992573
_9481447
801 0 _aRU
_bNLR
_gpsbo
801 0 _aRU
_bRuMoRGB
_2psbo
801 1 _aRU
_bProSoft-M
_2rusmarc
852 _aNLR
_bБ
_j9600/П29
899 _aRuMoRGB
_jR 31/1068
899 _aБАН
899 _aГПИБ
942 _cBOOK
980 _aNB